[Event "NATO-ch 32nd"]
[Site "Tartu"]
[Date "2022.06.28"]
[Round "3"]
[White "Moulton, Richard"]
[Black "Aagaard, Gert"]
[Result "0-1"]
[WhiteElo "1766"]
[BlackElo "1979"]
[PlyCount "102"]
[EventDate "2022.06.27"]
[EventType "swiss"]
[EventRounds "7"]
[EventCountry "EST"]
[SourceTitle "CBM 209 Extra"]
[Source "ChessBase"]
[SourceDate "2022.09.30"]
[SourceVersion "1"]
[SourceVersionDate "2022.09.30"]
[SourceQuality "1"]

1. e4 c5 2. Nf3 Nc6 3. Bb5 e6 4. 0-0 Nge7 5. Re1 a6 6. Bf1 d5 7. exd5 Nxd5 8. d4 Nf6 9. dxc5 Qxd1 10. Rxd1 Bxc5 11. Nc3 Nb4 12. Bg5 Nxc2 13. Rac1 Nb4 14. Bxf6 gxf6 15. Ne4 Be7 16. a3 Nc6 17. Nd6+ Bxd6 18. Rxd6 Ke7 19. Rd2 Rd8 20. Rdc2 Bd7 21. h3 Rac8 22. Bd3 h6 23. Kf1 Na7 24. Ke2 Rxc2+ 25. Rxc2 Bc6 26. Rc3 Rd7 27. Ne1 Bd5 28. g3 Nc6 29. Ke3 b5 30. Nc2 Kd8 31. Be2 f5 32. Kf4 Be4 33. Ke3 Ne7 34. Rc5 Nd5+ 35. Kd2 Nb4+ 36. Kc1 Nxc2 37. Rxc2 Bxc2 38. Kxc2 Kc7 39. a4 Kb6 40. axb5 axb5 41. Kc3 e5 42. Bd3 e4 43. Be2 f6 44. Kc2 Kc5 45. Kc3 b4+ 46. Kc2 Rd6 47. b3 Kd4 48. Kd2 e3+ 49. fxe3+ Ke4+ 50. Ke1 Kxe3 51. h4 Rd2 0-1

[Event "NATO-ch 31st"]
[Site "Blankenberge"]
[Date "2021.10.13"]
[Round "4.11"]
[White "Aagaard, Gert"]
[Black "Sycz, Dariusz"]
[Result "0-1"]
[WhiteElo "2021"]
[BlackElo "2182"]
[PlyCount "86"]
[EventDate "2021.10.11"]
[EventType "team-swiss"]
[EventRounds "7"]
[EventCountry "BEL"]
[SourceTitle "CBM 204 Extra"]
[Source "ChessBase"]
[SourceDate "2021.11.30"]
[SourceVersion "1"]
[SourceVersionDate "2021.11.30"]
[SourceQuality "1"]
[WhiteTeam "Denmark"]
[BlackTeam "Poland"]
[WhiteTeamCountry "DEN"]
[BlackTeamCountry "POL"]

1. d4 Nf6 2. Bf4 c5 3. e3 b6 4. Nf3 Bb7 5. Nbd2 d6 6. h3 g6 7. Bd3 Bg7 8. 0-0 0-0 9. Re1 Nbd7 10. c3 Re8 11. Bc4 e5 12. dxe5 dxe5 13. Bh2 Qe7 14. e4 a6 15. a4 h6 16. Qc2 Bc6 17. Qd3 Red8 18. Qe2 Bb7 19. Bb3 Ne8 20. Bd5 Nd6 21. Nc4 Bxd5 22. exd5 Nxc4 23. Qxc4 Re8 24. Rad1 Qd6 25. Qd3 f5 26. Nd2 Qf6 27. f3 Bf8 28. Nc4 b5 29. axb5 axb5 30. Ne3 c4 31. Qd2 Nc5 32. Kh1 Nd3 33. Rf1 Ra2 34. Rb1 Bc5 35. Bg1 Rd8 36. Ng4 fxg4 37. Bxc5 Nxc5 38. fxg4 Qg7 39. d6 Nd3 40. Qe3 Rxd6 41. Ra1 Rf6 42. Rxa2 Rxf1+ 43. Kh2 Qf8 0-1

[Event "DEN-ch Kort 1-1"]
[Site "Svendborg"]
[Date "2019.04.13"]
[Round "1"]
[White "Christensen, Anders"]
[Black "Aagaard, Gert"]
[Result "0-1"]
[WhiteElo "1918"]
[BlackElo "2033"]
[PlyCount "82"]
[EventDate "2019.04.13"]
[EventType "swiss"]
[EventRounds "5"]
[EventCountry "DEN"]
[SourceTitle "EXT 2020"]
[Source "ChessBase"]
[SourceDate "2019.10.17"]
[SourceVersion "1"]
[SourceVersionDate "2019.10.17"]
[SourceQuality "1"]

1. e4 c5 2. Nf3 Nc6 3. d4 cxd4 4. Nxd4 Nf6 5. Nc3 e5 6. Ndb5 d6 7. a4 a6 8. Na3 Be6 9. Bc4 Be7 10. h3 0-0 11. 0-0 Rc8 12. Bxe6 fxe6 13. Bg5 Qb6 14. Qd3 Rfd8 15. Nc4 Qd4 16. Be3 Qxd3 17. cxd3 Nb4 18. Bb6 Rf8 19. Rad1 Rc6 20. Ba7 Nc2 21. Na5 Rcc8 22. Rc1 Nb4 23. Rfd1 d5 24. d4 dxe4 25. dxe5 Nfd5 26. Nxe4 b6 27. Nc4 Na2 28. Rc2 Rc7 29. Bxb6 Nxb6 30. Ne3 Rfc8 31. Rcd2 Nb4 32. Nd6 Rd8 33. a5 N6d5 34. Nec4 Bxd6 35. Nxd6 Nc6 36. Nc4 Rb7 37. Re2 Rb4 38. Rc2 Rf8 39. g3 Rb5 40. Na3 Ncb4 41. Nxb5 Nxc2 0-1

[Event "Fredericia M1"]
[Site "Fredericia"]
[Date "2018.05.13"]
[Round "4"]
[White "Le Besq, Alexander"]
[Black "Aagaard, Gert"]
[Result "1/2-1/2"]
[WhiteElo "2132"]
[BlackElo "2043"]
[PlyCount "86"]
[EventDate "2018.05.09"]
[EventType "tourn"]
[EventRounds "5"]
[EventCountry "DEN"]
[SourceTitle "EXT 2023"]
[Source "ChessBase"]
[SourceDate "2022.10.05"]
[SourceVersion "1"]
[SourceVersionDate "2022.10.05"]
[SourceQuality "1"]

1. e4 d5 2. exd5 Qxd5 3. Nc3 Qa5 4. d4 c6 5. Nf3 Bf5 6. Bc4 Nf6 7. Bd2 e6 8. Ne4 Qc7 9. Ng3 Bg4 10. h3 Bxf3 11. Qxf3 Bd6 12. Ne4 Nxe4 13. Qxe4 Nd7 14. 0-0-0 Nf6 15. Qf3 h6 16. Kb1 0-0-0 17. Bb3 Kb8 18. Rhe1 Ka8 19. g4 Qb6 20. h4 Rd7 21. g5 hxg5 22. hxg5 Nh5 23. g6 fxg6 24. Be3 Qa5 25. Rh1 Qf5 26. Qg2 Rhd8 27. Rhg1 e5 28. dxe5 Bxe5 29. Rxd7 Rxd7 30. a3 Nf4 31. Qg4 Qxg4 32. Rxg4 Rd1+ 33. Ka2 Ne2 34. Re4 Bf6 35. Bc4 Ng1 36. Bd3 b5 37. Rg4 Re1 38. Rg3 Ne2 39. Rxg6 Nc1+ 40. Bxc1 Rxc1 41. Rg2 Kb7 42. f3 Re1 43. Re2 Rxe2 1/2-1/2

[Event "Fredericia M1"]
[Site "Fredericia"]
[Date "2018.05.12"]
[Round "2"]
[White "Aagaard, Gert"]
[Black "Jacobsen, Mikkel Manosri"]
[Result "0-1"]
[WhiteElo "2043"]
[BlackElo "2249"]
[PlyCount "94"]
[EventDate "2018.05.09"]
[EventType "tourn"]
[EventRounds "5"]
[EventCountry "DEN"]
[SourceTitle "EXT 2023"]
[Source "ChessBase"]
[SourceDate "2022.10.05"]
[SourceVersion "1"]
[SourceVersionDate "2022.10.05"]
[SourceQuality "1"]

1. d4 Nf6 2. c4 e6 3. Nc3 Bb4 4. Nf3 0-0 5. Bg5 d5 6. e3 Nbd7 7. cxd5 exd5 8. Qb3 c5 9. dxc5 Qa5 10. Bxf6 Nxf6 11. Bd3 Ne4 12. 0-0 Bxc3 13. bxc3 Qxc5 14. c4 Be6 15. cxd5 Bxd5 16. Qc2 Qxc2 17. Bxc2 Nc3 18. Bb3 Bxf3 19. gxf3 b5 20. Kg2 a5 21. a4 b4 22. Rfc1 Rfd8 23. Rc2 Ra6 24. f4 Kf8 25. Rac1 Rad6 26. Kf3 f5 27. h3 Ke7 28. Rg1 Kf6 29. Ra1 h6 30. h4 Rd2 31. Rac1 R8d6 32. h5 Rxc2 33. Rxc2 g6 34. hxg6 Kxg6 35. Kg2 Rd3 36. Kh2 Kf6 37. Kg2 Ke7 38. Kh3 Kd6 39. Kh4 Ne4 40. f3 Nc5 41. Bc4 Rd1 42. Kh5 Nxa4 43. Ra2 Nb6 44. Bb3 Rd3 45. Bc2 Ra3 46. Rb2 Nc4 47. Rb1 Nxe3 0-1

[Event "NATO-ch 27th"]
[Site "Shrivenham"]
[Date "2016.08.25"]
[Round "5"]
[White "Sycz, Dariusz"]
[Black "Aagaard, Gert"]
[Result "1-0"]
[WhiteElo "2143"]
[BlackElo "2063"]
[PlyCount "83"]
[EventDate "2016.08.22"]
[EventType "swiss"]
[EventRounds "7"]
[EventCountry "ENG"]
[SourceTitle "EXT 2018"]
[Source "ChessBase"]
[SourceDate "2017.10.13"]
[SourceVersion "1"]
[SourceVersionDate "2017.10.13"]
[SourceQuality "1"]

1. d4 d5 2. Nf3 Nf6 3. e3 e6 4. Bd3 Nbd7 5. b3 Be7 6. Bb2 0-0 7. Nbd2 c6 8. Qe2 Qc7 9. Ne5 Nxe5 10. dxe5 Nd7 11. f4 Nc5 12. h4 f5 13. Nf3 h5 14. Ng5 g6 15. 0-0 Bxg5 16. hxg5 Qa5 17. a4 Rf7 18. g4 hxg4 19. Kg2 Bd7 20. Rh1 Rg7 21. Ba3 Qc3 22. Rab1 Nxd3 23. cxd3 Qa5 24. Bd6 c5 25. Rh6 Rc8 26. Rbh1 Kf7 27. Kg3 Rcg8 28. Qc2 b6 29. Rh7 Rxh7 30. Rxh7+ Rg7 31. Rh1 Qa6 32. Rh8 Rg8 33. Qh2 Qc8 34. Qh7+ Rg7 35. Qh6 Qg8 36. Rxg8 Kxg8 37. Kf2 c4 38. dxc4 dxc4 39. bxc4 Bxa4 40. Qh1 Bc2 41. Qa8+ Kh7 42. Qc8 1-0

[Event "NATO-ch 27th"]
[Site "Shrivenham"]
[Date "2016.08.23"]
[Round "3"]
[White "Aagaard, Gert"]
[Black "Bublys, Vaidotas"]
[Result "1/2-1/2"]
[WhiteElo "2063"]
[BlackElo "1895"]
[PlyCount "80"]
[EventDate "2016.08.22"]
[EventType "swiss"]
[EventRounds "7"]
[EventCountry "ENG"]
[SourceTitle "EXT 2018"]
[Source "ChessBase"]
[SourceDate "2017.10.13"]
[SourceVersion "1"]
[SourceVersionDate "2017.10.13"]
[SourceQuality "1"]

1. d4 Nf6 2. c4 e6 3. Nf3 c5 4. g3 cxd4 5. Nxd4 d5 6. Bg2 Bb4+ 7. Nc3 Nc6 8. 0-0 0-0 9. cxd5 Nxd5 10. Nxd5 exd5 11. Nc2 Be6 12. Nxb4 Nxb4 13. Qa4 Qd6 14. Bd2 Nc6 15. Rfd1 Rfd8 16. Rac1 Qe5 17. e3 d4 18. f4 Qd6 19. e4 Bg4 20. Re1 d3 21. h3 Be2 22. e5 Qg6 23. Kf2 Nd4 24. Ba5 Qa6 25. b3 b5 26. Qb4 Rab8 27. Bxd8 Rxd8 28. Qe7 Qb6 29. Rc5 Ne6 30. b4 Nxc5 31. bxc5 Qa5 32. Rb1 g6 33. e6 Rf8 34. exf7+ Kg7 35. Qe5+ Kh6 36. Qg5+ Kg7 37. Qe5+ Kh6 38. g4 Qxa2 39. Qg5+ Kg7 40. Qe5+ Kh6 1/2-1/2

[Event "NATO-ch 27th"]
[Site "Shrivenham"]
[Date "2016.08.23"]
[Round "2"]
[White "Sypien, Mateusz"]
[Black "Aagaard, Gert"]
[Result "1-0"]
[WhiteElo "2251"]
[BlackElo "2063"]
[PlyCount "89"]
[EventDate "2016.08.22"]
[EventType "swiss"]
[EventRounds "7"]
[EventCountry "ENG"]
[SourceTitle "EXT 2018"]
[Source "ChessBase"]
[SourceDate "2017.10.13"]
[SourceVersion "1"]
[SourceVersionDate "2017.10.13"]
[SourceQuality "1"]

1. e4 c6 2. d4 d5 3. exd5 cxd5 4. c4 Nf6 5. Nc3 e6 6. Nf3 Be7 7. Bf4 0-0 8. Bd3 Nc6 9. c5 Nd7 10. 0-0 e5 11. dxe5 Nxc5 12. Nxd5 Nxd3 13. Qxd3 Nb4 14. Nxe7+ Qxe7 15. Qe4 h6 16. Nd4 Be6 17. Nf5 Bxf5 18. Qxf5 Nc6 19. Rfe1 Nd4 20. Qe4 Ne6 21. Bd2 Qd7 22. Bc3 Rfd8 23. h3 Rac8 24. Qg4 Qb5 25. Rad1 Rxd1 26. Rxd1 Rc4 27. Qf3 Rf4 28. Qe3 Qa4 29. Rd6 Re4 30. Qf3 Rf4 31. Qxb7 Qxa2 32. Rd1 Rc4 33. Qb5 Rc7 34. Kh2 a6 35. Qb4 Rc5 36. Rd7 Qb1 37. Qb8+ Kh7 38. Qa7 Qe4 39. Rxf7 Rxc3 40. bxc3 Qxe5+ 41. g3 Ng5 42. Rf4 Qxc3 43. Qe3 Qc8 44. h4 Ne6 45. Re4 1-0

[Event "NATO-ch 23nd"]
[Site "Brest"]
[Date "2012.10.05"]
[Round "7"]
[White "Aagaard, Gert"]
[Black "Engelen, Johan HHM"]
[Result "1-0"]
[WhiteElo "2030"]
[BlackElo "1953"]
[PlyCount "27"]
[EventDate "2012.10.01"]
[EventType "swiss"]
[EventRounds "7"]
[EventCountry "FRA"]
[SourceTitle "CBM 150 Extra"]
[Source "ChessBase"]
[SourceDate "2012.10.19"]
[SourceVersion "1"]
[SourceVersionDate "2012.10.19"]
[SourceQuality "1"]

1. d4 f5 2. Bg5 g6 3. Nc3 d5 4. h4 Bg7 5. Nf3 Nc6 6. e3 Be6 7. Bb5 h6 8. Bf4 Kf7 9. Bxc6 bxc6 10. Na4 Bc8 11. Nc5 e6 12. Qd2 a5 13. a4 Bf6 14. Nb3 1-0

[Event "NATO-ch 23nd"]
[Site "Brest"]
[Date "2012.10.01"]
[Round "1"]
[White "Aagaard, Gert"]
[Black "Sypien, Mateusz"]
[Result "0-1"]
[WhiteElo "2030"]
[BlackElo "2269"]
[PlyCount "102"]
[EventDate "2012.10.01"]
[EventType "swiss"]
[EventRounds "7"]
[EventCountry "FRA"]
[SourceTitle "CBM 150 Extra"]
[Source "ChessBase"]
[SourceDate "2012.10.19"]
[SourceVersion "1"]
[SourceVersionDate "2012.10.19"]
[SourceQuality "1"]

1. d4 g6 2. c4 Bg7 3. e4 d6 4. Nc3 Nf6 5. f3 0-0 6. Be3 Nc6 7. Nge2 a6 8. Qd2 Rb8 9. a4 e5 10. d5 Ne7 11. g4 c6 12. a5 c5 13. Ng3 b6 14. h4 Ne8 15. h5 f5 16. gxf5 gxf5 17. h6 Bf6 18. Rg1 f4 19. Nh5+ Ng6 20. Nxf6+ Nxf6 21. Bf2 bxa5 22. Bh4 Kh8 23. Bg5 Rb4 24. Qh2 Qb6 25. Na4 Qb7 26. Rg2 Bd7 27. Nc3 a4 28. Rd2 Rb3 29. Bh3 Bxh3 30. Qxh3 Rxb2 31. Qe6 Ne8 32. Rxa4 Rxd2 33. Kxd2 Qb2+ 34. Kd3 Qg2 35. Be7 Qxf3+ 36. Kc2 Qg2+ 37. Kb3 Nxe7 38. Qxe7 Qg8 39. Rxa6 Qf7 40. Qxf7 Rxf7 41. Kc2 Kg8 42. Kd2 Rd7 43. Ke2 Kf7 44. Kf3 Ke7 45. Kg4 Nf6+ 46. Kf5 Rd8 47. Nd1 Rf8 48. Nf2 Nxd5+ 49. Kg5 Rg8+ 50. Kh4 Nf6 51. Ra3 Rg6 0-1

[Event "Sunningdale e2e4 Autumn op"]
[Site "Sunningdale"]
[Date "2011.09.18"]
[Round "5"]
[White "Hoare, Amy B"]
[Black "Aagaard, Gert"]
[Result "0-1"]
[WhiteElo "1935"]
[BlackElo "2066"]
[PlyCount "106"]
[EventDate "2011.09.16"]
[EventType "swiss"]
[EventRounds "5"]
[EventCountry "ENG"]
[SourceTitle "CBM 144 Extra"]
[Source "ChessBase"]
[SourceDate "2011.10.28"]
[SourceVersion "1"]
[SourceVersionDate "2011.10.28"]
[SourceQuality "1"]

1. e4 d5 2. exd5 Qxd5 3. Nc3 Qa5 4. d4 Nf6 5. Nf3 Bf5 6. Bd2 c6 7. Ne4 Qc7 8. Nxf6+ gxf6 9. Bc4 Nd7 10. Nh4 Bg6 11. Nxg6 hxg6 12. h3 e6 13. Qf3 Rh4 14. Qc3 Nb6 15. Bb3 0-0-0 16. Be3 f5 17. g3 Re4 18. 0-0-0 Nd5 19. Bxd5 exd5 20. Bf4 Qe7 21. Qa5 g5 22. Bd2 Kb8 23. Rhe1 Qf6 24. c3 Rde8 25. Qa4 Bd6 26. Rxe4 fxe4 27. Be3 Qf5 28. Qc2 f6 29. Rh1 Qf3 30. Rg1 Qh5 31. Rh1 f5 32. Qd2 Qf3 33. Qd1 Qxd1+ 34. Kxd1 f4 35. gxf4 gxf4 36. Bd2 Rh8 37. h4 Rh5 38. Rh3 Kc8 39. Be1 f3 40. Bd2 Be7 41. Bf4 Rxh4 42. Rxh4 Bxh4 43. Be3 Kd7 44. Ke1 Ke6 45. Kf1 Kf5 46. Kg1 b5 47. b4 Bg5 48. Bxg5 Kxg5 49. Kf1 Kf4 50. Ke1 e3 51. fxe3+ Kxe3 52. Kf1 f2 53. a3 Kf3 0-1

[Event "Sunningdale e2e4 Autumn op"]
[Site "Sunningdale"]
[Date "2011.09.17"]
[Round "3"]
[White "De Coverly, Roger D"]
[Black "Aagaard, Gert"]
[Result "1-0"]
[WhiteElo "2047"]
[BlackElo "2066"]
[PlyCount "63"]
[EventDate "2011.09.16"]
[EventType "swiss"]
[EventRounds "5"]
[EventCountry "ENG"]
[SourceTitle "CBM 144 Extra"]
[Source "ChessBase"]
[SourceDate "2011.10.28"]
[SourceVersion "1"]
[SourceVersionDate "2011.10.28"]
[SourceQuality "1"]

1. e4 c6 2. d4 d5 3. e5 Bf5 4. Nf3 e6 5. Be2 Nd7 6. 0-0 Qc7 7. Be3 Ne7 8. Nbd2 c5 9. c4 Nc6 10. Rc1 cxd4 11. Nxd4 Nxd4 12. Bxd4 Qa5 13. Nb3 Qa4 14. cxd5 exd5 15. Rc7 Be6 16. Rxb7 a6 17. f4 Bf5 18. g4 Be4 19. f5 Be7 20. e6 fxe6 21. fxe6 Nf8 22. Rf7 Ng6 23. Qf1 Bg5 24. Rxg7 Rf8 25. Rgf7 Qxd4+ 26. Nxd4 Be3+ 27. Qf2 Bxf2+ 28. Kxf2 Rxf7+ 29. exf7+ Kd8 30. Ne6+ Kc8 31. Rc7+ Kb8 32. Rd7 1-0